Statistics for Name The Sport- Picture Quiz

Click here to take the quiz!

General Stats

  • This quiz has been taken 196 times
  • The average score is 13 of 16

Answer Stats

Answer% Correct
tennis
100%
football / soccer
98%
basketball
90%
baseball
88%
rugby
88%
volleyball
85%
ice-hockey
84%
cricket
83%
fencing
82%
badminton
81%
boxing
80%
hockey
79%
gymnastics
77%
cycling
75%
javelin
68%
handball
64%

Score Distribution

Percentile by Number Answered

Percent of People with Each Score

Your Score History

You have not taken this quiz